Human growth and development. (2nd edition) (Record no. 76228)

MARC details
000 -LEADER
fixed length control field 01309nam a2200241 a 4500
008 - FIXED-LENGTH DATA ELEMENTS--GENERAL INFORMATION
fixed length control field 161011s2010 ||||||||||||||||| || u
020 ## - INTERNATIONAL STANDARD BOOK NUMBER
International Standard Book Number 9781847871794
020 ## - INTERNATIONAL STANDARD BOOK NUMBER
International Standard Book Number 184787178X (hbk.)
050 ## - LIBRARY OF CONGRESS CALL NUMBER
Classification number BF 713 Bec
100 ## - MAIN ENTRY--PERSONAL NAME
Personal name Taylor, Hilary
245 10 - TITLE STATEMENT
Title Human growth and development. (2nd edition)
Statement of responsibility, etc. Chris Beckett and Hilary Taylor
250 ## - EDITION STATEMENT
Edition statement 2nd edition
260 ## - PUBLICATION, DISTRIBUTION, ETC.
Place of publication, distribution, etc. Los Angeles
Name of publisher, distributor, etc. SAGE Publications
Date of publication, distribution, etc. 2010
300 ## - PHYSICAL DESCRIPTION
Extent vii, 222 pages : illustration
350 ## -
-- 64.00
500 ## - GENERAL NOTE
General note Previous ed.: 2002. Includes bibliographical references (p. [203]-214) and index.
650 #0 - SUBJECT ADDED ENTRY--TOPICAL TERM
Topical term or geographic name entry element DEVELOPMENTAL PSYCHOLOGY
700 ## - ADDED ENTRY--PERSONAL NAME
Personal name Beckett, Chris
995 ## -
-- MAIN LIBRARY OPEN ACCESS
-- 747560
-- CBU-MAIN LIBRARY (Kitwe)
-- 64.00
-- BF 713 Bec
-- 3
-- AVAILABLE
-- Jan 24, 2017
-- 747560
-- Main Library Open Access Collection
995 ## -
-- ANNEX COLLECTION (Main Library)
-- 747561
-- CBU-MAIN LIBRARY (Kitwe)
-- 64.00
-- BF 713 Bec
-- 4
-- AVAILABLE
-- Jan 24, 2017
-- 747561
-- Annex Low-Usage Collection
995 ## -
-- MAIN LIBRARY OPEN ACCESS
-- 747115
-- CBU-MAIN LIBRARY (Kitwe)
-- 64.00
-- BF 713 Bec
-- 1
-- AVAILABLE
-- Oct 11, 2016
-- 747115
-- Main Library Open Access Collection
995 ## -
-- MAIN LIBRARY OPEN ACCESS
-- 747116
-- CBU-MAIN LIBRARY (Kitwe)
-- 64.00
-- BF 713 Bec
-- 2
-- AVAILABLE
-- Oct 11, 2016
-- 747116
-- Main Library Open Access Collection
999 ## -
-- 76228
-- 76228
Holdings
Withdrawn status Lost status Source of classification or shelving scheme Damaged status Not for loan Permanent Location Current Location Shelving location Date acquired Total Checkouts Full call number Barcode Date last seen Copy number Price effective from Koha item type
          CBU-MAIN LIBRARY, KITWE. CBU-MAIN LIBRARY, KITWE.   04/25/2023   BF 713 Bec 747560 04/25/2023 1 04/25/2023 MONOGRAPH
          CBU-MAIN LIBRARY, KITWE. CBU-MAIN LIBRARY, KITWE.   04/25/2023   BF 713 Bec 747561 04/25/2023 2 04/25/2023 MONOGRAPH
          CBU-MAIN LIBRARY, KITWE. CBU-MAIN LIBRARY, KITWE.   04/25/2023   BF 713 Bec 747115 04/25/2023 3 04/25/2023 MONOGRAPH
          CBU-MAIN LIBRARY, KITWE. CBU-MAIN LIBRARY, KITWE.   04/25/2023   BF 713 Bec 747116 04/25/2023 4 04/25/2023 MONOGRAPH